[Event "Vaujany Principal"]
[Site "Vaujany"]
[Date "2012.07.17"]
[Round "6.24"]
[White "Hourlier, Claire"]
[Black "Soyer, Jean-Yves"]
[Result "1-0"]
[WhiteElo "1964"]
[BlackElo "2056"]
[Annotator "Jean-pierre,LEES"]
[PlyCount "71"]
[SourceDate "2012.07.12"]
[TimeControl "240+2"]

{1024MB, Fritz8.ctg
} 1. e4 c5 2. Nc3 Nc6 3. Bb5 Nd4 4. Bc4 e6 5. Nf3 Nf6 6.
O-O a6 7. d3 d5 8. exd5 exd5 9. Nxd5 $1 Nxd5 10. Nxd4 cxd4 11. Qh5 Be6 12. Re1
Be7 (12... g6 13. Qxd5 Qxd5 14. Bxd5) 13. Rxe6 O-O 14. Re2 Nf6 15. Qf3 Qd7 16.
Bg5 Rac8 17. Rae1 Bd8 18. h3 b5 19. Bb3 a5 20. a3 a4 21. Ba2 Rc5 22. Bf4 Qc6
23. Re5 Bc7 24. Rxc5 Qxc5 25. Re2 Bxf4 26. Qxf4 h6 27. Qe5 Rc8 28. f4 Kf8 29.
g4 Nd7 30. Qe4 Nf6 31. Qg2 Re8 32. Qb7 $1 Re7 33. Qxe7+ Qxe7 34. Rxe7 Kxe7 35.
Kf2 Nd7 36. Bd5 1-0

[Event "Vaujany Principal"]
[Site "Vaujany"]
[Date "2012.07.17"]
[Round "6.25"]
[White "Bach, Anatole"]
[Black "Haver, Daan"]
[Result "0-1"]
[WhiteElo "2052"]
[BlackElo "1966"]
[Annotator "Jean-pierre,LEES"]
[PlyCount "66"]
[SourceDate "2012.07.12"]
[TimeControl "240+2"]

{1024MB, Fritz8.ctg
} 1. e4 c5 2. Nf3 d6 3. d4 cxd4 4. Nxd4 Nf6 5. Nc3 g6 6.
Bc4 Bg7 7. O-O O-O 8. Re1 Nc6 9. Bb3 Bd7 10. Bg5 Qa5 11. Nxc6 Bxc6 12. Nd5 Bxd5
13. exd5 e5 14. Qf3 Qd8 15. Qh3 Qc7 16. Rad1 Nd7 17. c3 Nc5 18. Bc2 b5 19. f4
exf4 20. Re7 Qb6 21. Bxf4 Rae8 22. Rxe8 Rxe8 23. Be3 b4 24. Bd4 bxc3 25. Qxc3
Re2 {Diagramme #} (25... Bxd4+ 26. Qxd4 Re2 27. b4 Rxc2 28. bxc5 Qxc5 29. Qxc5
Rxc5) 26. b4 (26. Kf1 $142 Bxd4 27. Rxd4 Re5 28. b4) (26. Bxg7 Ne4+ 27. Qd4
Rxc2 28. Qxb6 axb6 29. Bd4 b5) 26... Bxd4+ 27. Rxd4 $2 (27. Qxd4 $142 Rxc2 28.
bxc5 Qxc5 29. Qxc5 Rxc5 $19) 27... Nd7 $2 (27... Ne4 $142 $3 {gagnait une piece
} 28. Bxe4 (28. Qf3 Re1+) 28... Rxe4 29. Qc8+ Kg7 30. Qc3 Qxd4+) 28. Bd3 Rxa2
29. Bb1 Ra3 30. Qb2 Ne5 31. Kh1 Re3 32. h3 Re1+ 33. Kh2 Rxb1 0-1

[Event "Vaujany Principal"]
[Site "Vaujany"]
[Date "2012.07.17"]
[Round "6.26"]
[White "Veys, Vincent"]
[Black "Weisz, Jacques"]
[Result "1-0"]
[WhiteElo "2041"]
[BlackElo "1809"]
[Annotator "Jean-pierre,LEES"]
[PlyCount "59"]
[SourceDate "2012.07.12"]
[TimeControl "240+2"]

{1024MB, Fritz8.ctg
} 1. e4 e6 2. d4 d5 3. Nd2 Nf6 4. e5 Nfd7 5. Bd3 c5 6. c3
Nc6 7. Ndf3 (7. Ne2 cxd4 8. cxd4 f6 9. exf6 Nxf6 10. O-O Bd6 11. Nf3 O-O 12.
Bf4 (12. Bg5 Qc7 (12... Bd7)) 12... Bxf4 13. Nxf4 Ne4 {
est la variante principale de cette ligne}) 7... Qb6 (7... cxd4 8. cxd4 f6 9.
exf6 Nxf6 10. Ne2 Bd6 11. O-O O-O 12. Bf4 {retombe dans la variane principale})
8. Ne2 cxd4 9. cxd4 f6 10. exf6 Nxf6 11. O-O Bd6 12. b3 O-O 13. Bf4 Bxf4 14.
Nxf4 Ne4 (14... Bd7 15. Re1 Rae8 16. Qd2 Kh8 17. Bc2 Nxd4 18. Qxd4 Qxd4 19.
Nxd4 e5 20. Nfe6 Bxe6 21. Rxe5) 15. Ne2 (15. Bxe4 $2 dxe4 {perd une piece})
15... Nf6 (15... Nd6) (15... Bd7 16. Bxe4 dxe4 17. Ng5 Rad8 18. Nxe4 Be8 (18...
e5 19. dxe5 Bf5 20. Qc2 Nxe5 21. N2g3 $14) 19. Ng5 Rf6 20. Qd3 Bg6 21. Qe3 Nxd4
22. Nxd4 Qxd4 23. Qxd4 Rxd4 {et e6 est une faiblesse}) 16. Ng3 Kh8 17. Bc2 Bd7
18. Rc1 Rac8 19. Bb1 Ne7 20. Rxc8 Rxc8 21. Ne5 Be8 22. Re1 Qb4 23. Nf3 Rc6 24.
Ng5 Qb6 25. Qe2 Bd7 26. Nh5 Qxd4 27. Nxf6 Qxf6 28. Qh5 h6 29. Nf7+ Kg8 30. Ne5
1-0

[Event "Vaujany Principal"]
[Site "Vaujany"]
[Date "2012.07.17"]
[Round "6.27"]
[White "Abdesselem, Ahmed"]
[Black "Vledouts, Sacha"]
[Result "0-1"]
[WhiteElo "1875"]
[BlackElo "2035"]
[Annotator "Jean-pierre,LEES"]
[PlyCount "118"]
[SourceDate "2012.07.12"]
[TimeControl "240+2"]

{1024MB, Fritz8.ctg
} 1. e4 g6 2. d4 d6 3. Nf3 Bg7 4. Be2 e5 5. dxe5 dxe5 6.
Qxd8+ Kxd8 7. O-O f6 8. Nc3 Be6 9. Be3 c6 10. a4 Nh6 11. a5 Nd7 12. h3 Nf7 13.
Na4 Kc7 14. b4 Rhe8 15. c4 Bf8 16. b5 c5 17. Nc3 b6 18. a6 Nd6 19. Nd2 f5 20.
f3 f4 21. Bf2 Nf6 22. Bd3 g5 23. Rfe1 h5 24. Nd5+ Bxd5 25. exd5 Bg7 26. Bg6 Rg8
27. Rac1 (27. Rxe5 Nd7) 27... Bh8 28. Bd3 Nd7 29. Ne4 Raf8 30. Nxd6 Kxd6 31.
Be4 Rf6 32. Re2 Bg7 33. Be1 Bh6 34. Rc3 Rf7 35. Rd3 g4 36. hxg4 hxg4 37. fxg4
Rxg4 38. Rh3 Bf8 39. Bc3 f3 40. Rxf3 Rxf3 41. Bxf3 Rxc4 42. Bd2 Nf6 43. Bg5
Nxd5 44. Bxd5 Kxd5 45. Bd8 Rb4 46. Bxb6 Rxb5 47. Bxa7 Ra5 48. Bb8 e4 49. a7 c4
50. Rd2+ Kc6 51. Rc2 Bc5+ 52. Kf1 Kd5 53. Ke2 Bd4 54. g4 c3 55. g5 Kc4 56. g6
Kb3 57. Kd1 Ra1+ 58. Rc1 Rxc1+ 59. Kxc1 Be3+ 0-1

[Event "Vaujany Principal"]
[Site "Villaz"]
[Date "2012.10.27"]
[Round "6.28"]
[White "Deleva, Mathias"]
[Black "Haver, Bas"]
[Result "1/2-1/2"]
[WhiteElo "2061"]
[BlackElo "2021"]
[Annotator "Jean-pierre,LEES"]
[PlyCount "98"]
[SourceDate "2012.07.12"]
[WhiteTeam "India"]
[BlackTeam "Soviet Union"]
[WhiteTeamCountry "IND"]
[BlackTeamCountry "URS"]
[TimeControl "240+2"]

{1024MB, Fritz8.ctg
} 1. e4 c5 2. b3 Nc6 3. Bb2 e6 4. Bb5 Nd4 5. Bd3 d5 6. Nc3
Qg5 7. g3 Bd6 8. Nf3 Nxf3+ 9. Qxf3 d4 10. Nb5 Bb8 11. c3 e5 12. cxd4 exd4 13.
h4 Qe7 14. Rc1 a6 $2 (14... Be5) 15. Nxd4 Nh6 16. Ne2 O-O 17. Qe3 Ng4 18. Qg5
f6 19. Qxc5 Qxc5 20. Rxc5 Ba7 21. Rc3 Bxf2+ 22. Kf1 b5 23. Kg2 Rd8 24. Rd1 Bb7
25. Bc2 Rd7 26. d4 Re8 27. d5 Bb6 28. Bc1 Nf2 29. Rf1 Nxe4 30. Bxe4 Rxe4 31.
Nf4 Bxd5 32. Nxd5 Rxd5 33. Rc6 Bc5 34. Rxa6 Re2+ 35. Kh3 Rd3 36. Bf4 Rc3 37.
Rc1 b4 38. Rc6 Rxc1 39. Bxc1 Be7 40. Ra6 Kf7 41. Bf4 g5 42. Bc7 h5 43. hxg5
fxg5 44. g4 h4 45. Bb8 Ke8 46. Bd6 Re3+ 47. Kh2 Re2+ 48. Kh3 Bf6 49. Ra7 Bd4
1/2-1/2

[Event "Vaujany Principal"]
[Site "Villaz"]
[Date "2012.07.17"]
[Round "6.29"]
[White "Devoille, Hugo"]
[Black "Hoyer, H."]
[Result "1/2-1/2"]
[WhiteElo "1927"]
[BlackElo "2032"]
[Annotator "Jean-pierre,LEES"]
[PlyCount "61"]
[SourceDate "2012.07.12"]
[WhiteTeam "India"]
[BlackTeam "Soviet Union"]
[WhiteTeamCountry "IND"]
[BlackTeamCountry "URS"]
[TimeControl "240+2"]

{1024MB, Fritz8.ctg
} 1. e4 d6 2. d4 Nf6 3. Nc3 c6 4. a4 Qa5 5. Bd3 e5 6. Nge2
Na6 7. O-O Bg4 8. f3 Bh5 9. Bd2 Qc7 10. Kh1 Nb4 11. Bc4 a6 12. dxe5 dxe5 13.
Be3 Rd8 14. Qb1 Be7 15. Na2 O-O 16. Nxb4 Bxb4 17. c3 Ba5 18. Ng3 Bg6 19. Qe1 b5
20. Be2 Bb6 21. Qf2 Bxe3 22. Qxe3 Nh5 23. Nxh5 Bxh5 24. b4 f6 25. axb5 axb5 26.
Ra6 Ra8 27. Rfa1 Rxa6 28. Rxa6 Rd8 29. h3 Qd6 30. Kg1 Be8 31. Kf2 1/2-1/2

[Event "Vaujany Principal"]
[Site "Villaz"]
[Date "2012.07.17"]
[Round "6.30"]
[White "N'Guyen, Emilien"]
[Black "Hodot, Yves"]
[Result "1-0"]
[WhiteElo "2027"]
[BlackElo "1915"]
[Annotator "Jean-pierre,LEES"]
[PlyCount "67"]
[SourceDate "2012.07.12"]
[WhiteTeam "India"]
[BlackTeam "Soviet Union"]
[WhiteTeamCountry "IND"]
[BlackTeamCountry "URS"]
[TimeControl "240+2"]

{1024MB, Fritz8.ctg
} 1. d4 f5 2. c4 Nf6 3. g3 g6 4. Bg2 Bg7 5. Nf3 d6 6. O-O
O-O 7. Nc3 e6 8. Re1 Nc6 9. d5 Ne7 10. dxe6 Bxe6 11. Qb3 Kh8 12. Nd4 Bg8 13.
Qxb7 Ne4 14. Rd1 (14. Nxe4 Bxd4 15. e3 Bg7 16. Nd2) 14... Rb8 15. Qa6 Rb6 16.
Qa3 Bxc4 17. Nxe4 fxe4 18. Bxe4 c5 19. Nc2 Qc7 (19... Bxe2) 20. Qe3 d5 21. Bd3
d4 22. Qg5 Bd5 23. b3 Rbf6 24. Rf1 h6 25. Qh4 g5 $2 26. Bxg5 Nf5 27. Bxf5 Rxf5
28. Bxh6 Kg8 29. Rac1 Qf7 30. Bxg7 Kxg7 31. f3 Rh8 32. Qg4+ Kf8 33. Nxd4 Qh7
34. Qxf5+ 1-0

[Event "Vaujany Principal"]
[Site "Villaz"]
[Date "2012.07.17"]
[Round "6.31"]
[White "Roche, Yves"]
[Black "Coppola, Federico"]
[Result "0-1"]
[WhiteElo "1956"]
[BlackElo "1844"]
[Annotator "Jean-pierre,LEES"]
[PlyCount "36"]
[SourceDate "2012.07.12"]
[WhiteTeam "India"]
[BlackTeam "Soviet Union"]
[WhiteTeamCountry "IND"]
[BlackTeamCountry "URS"]
[TimeControl "240+2"]

{1024MB, Fritz8.ctg
} 1. d4 Nf6 2. Nf3 c5 3. Bg5 Ne4 4. Bf4 d5 5. e3 Qb6 6. Nc3
Nxc3 7. bxc3 Qb2 8. Kd2 cxd4 9. Nxd4 a6 10. Rb1 Qa3 11. Bb5+ Bd7 12. Bxd7+ Nxd7
13. Qh5 Nf6 14. Qf5 Ne4+ 15. Kd3 Qxc3+ 16. Ke2 Qd2+ 17. Kf3 Qxf2+ 18. Kg4 Qxg2+
0-1

[Event "Vaujany Principal"]
[Site "?"]
[Date "2012.07.21"]
[Round "6.32"]
[White "Drillat, Michel"]
[Black "Borderie, David"]
[Result "1/2-1/2"]
[WhiteElo "1910"]
[BlackElo "1986"]
[PlyCount "161"]
[EventDate "2012.07.20"]
[SourceDate "2012.07.12"]
[WhiteTeamCountry "IND"]
[BlackTeamCountry "URS"]

1. d4 d5 2. Nf3 Nf6 3. c4 c6 4. e3 e6 5. Nc3 Nbd7 6. Bd3 Be7 7. O-O O-O 8. e4
dxe4 9. Nxe4 Nxe4 10. Bxe4 Nf6 11. Bc2 c5 12. Bg5 Qc7 13. Qe2 cxd4 14. Nxd4 Qc5
15. Be3 Qh5 16. Qxh5 Nxh5 17. Rad1 g6 18. Nb5 b6 19. Be4 Rb8 20. Nxa7 Bb7 21.
Nc6 Bxc6 22. Bxc6 Bf6 23. b3 Ng7 24. g4 Rfc8 25. Bb5 e5 26. Rd6 Bd8 27. Rfd1
Bc7 28. Rd7 Rd8 29. R1d5 Ne6 30. Rxd8+ Rxd8 31. Rd7 Rxd7 32. Bxd7 Nd4 33. Kg2
f6 34. Bd2 Kf7 35. b4 Bd6 36. Ba4 f5 37. h3 Kf6 38. Bd1 f4 39. Bf3 Nc2 40. b5
Nb4 41. a4 Bc5 42. Be4 Na2 43. a5 bxa5 44. Bxa5 Nb4 45. h4 Ke7 46. h5 gxh5 47.
gxh5 h6 48. f3 Bd6 49. Kf2 Na2 50. Bb6 Nc3 51. c5 Bb8 52. Bc6 Na4 53. Ba5 Nxc5
54. Bb4 Bd6 55. Ke2 e4 56. Bxc5 exf3+ 57. Kxf3 Bxc5 58. Kxf4 Kf6 59. Ke4 Bb6
60. Kd5 Kf7 61. Kd6 Kf6 62. Kd7 Bc5 63. Ke8 Kg7 64. Be4 Bd4 65. Bg6 Bb6 66. Kd7
Bd4 67. Kc6 Be3 68. b6 Bxb6 69. Kxb6 Kg8 70. Kc6 Kg7 71. Kd7 Kg8 72. Ke6 Kh8
73. Kf6 Kg8 74. Be4 Kh8 75. Kg6 Kg8 76. Kxh6 Kh8 77. Kg6 Kg8 78. Kh6 Kh8 79.
Kg6 Kg8 80. h6 Kh8 81. Bd5 1/2-1/2

[Event "Vaujany Principal"]
[Site "Villaz"]
[Date "2012.07.17"]
[Round "6.33"]
[White "Trin, Pierre"]
[Black "De Lagontrie"]
[Result "0-1"]
[WhiteElo "1858"]
[BlackElo "1868"]
[Annotator "Jean-pierre,LEES"]
[PlyCount "70"]
[SourceDate "2012.07.12"]
[WhiteTeam "India"]
[BlackTeam "Soviet Union"]
[WhiteTeamCountry "IND"]
[BlackTeamCountry "URS"]
[TimeControl "240+2"]

{1024MB, Fritz8.ctg
} 1. e4 c5 2. Nf3 Nc6 3. d4 cxd4 4. Nxd4 Nf6 5. Nc3 e5 6.
Ndb5 d6 7. Nd5 Nxd5 8. exd5 Nb8 9. Nc3 Be7 10. Bb5+ Nd7 11. O-O O-O 12. Re1 f5
13. f4 Bf6 14. Bxd7 Bxd7 15. Qd3 e4 16. Qe3 a6 17. Ne2 Rc8 18. c3 Rc5 19. Rd1
Qe7 20. b4 Rc4 21. Bd2 Rfc8 22. a4 Be8 23. Qb6 Bh5 24. Qe3 Bxe2 25. Qxe2 Bxc3
26. Bxc3 Rxc3 27. b5 Rc2 28. Qf1 e3 29. Qd3 R8c3 30. Qxf5 e2 31. Re1 Qe3+ 32.
Kh1 Rc1 33. Qe6+ Qxe6 34. dxe6 Rxa1 35. Rxa1 Rd3 0-1

[Event "Vaujany Principal"]
[Site "Villaz"]
[Date "2012.07.17"]
[Round "6.34"]
[White "Van Foreest, Lucas"]
[Black "Dubois, Herve"]
[Result "1-0"]
[WhiteElo "1969"]
[BlackElo "1854"]
[Annotator "Jean-pierre,LEES"]
[PlyCount "91"]
[SourceDate "2012.07.12"]
[WhiteTeam "India"]
[BlackTeam "Soviet Union"]
[WhiteTeamCountry "IND"]
[BlackTeamCountry "URS"]
[TimeControl "240+2"]

{1024MB, Fritz8.ctg
} 1. d4 Nf6 2. c4 e6 3. Nf3 b6 4. Bg5 (4. g3) (4. a3) (4.
Nc3) 4... h6 5. Bd2 Bb7 6. e3 Ne4 7. Bd3 Nxd2 8. Nbxd2 Bb4 9. e4 O-O 10. O-O d5
11. cxd5 exd5 12. e5 c5 13. a3 Bxd2 14. Qxd2 cxd4 15. Nxd4 Nc6 16. Nxc6 Bxc6
17. Qc3 Qd7 18. Qd4 Bb5 19. Rfd1 Rac8 20. Bxb5 Qxb5 21. a4 Qb3 22. Rd3 Qc2 23.
b3 (23. Qxd5 Qxb2) 23... Rfd8 24. Rad1 Qc5 25. Qg4 d4 26. Qf4 Re8 27. Re1 (27.
Qxd4 Qxd4 28. Rxd4 Rxe5) 27... Qa5 28. Rdd1 d3 29. h3 Red8 30. Rd2 Qc3 31. Red1
Qxb3 32. Qg4 Qc4 33. Qf3 Qxa4 34. Kh1 Qe8 35. Rxd3 Rxd3 36. Rxd3 Qe6 37. Qe4
Re8 38. f4 f6 39. Rd5 Qc8 40. Rd6 Qc5 41. Qg6 $4 (41. Rxf6 Qc1+ 42. Kh2 gxf6
43. Qg6+ $11) 41... Rc8 $4 (41... Qc1+ 42. Kh2 Qxf4+ 43. Kg1 $19) 42. Rd7 Qf8
$4 (42... Qc1+) 43. e6 Re8 44. Rxg7+ Qxg7 45. Qxe8+ Qf8 46. Qd7 1-0

[Event "Vaujany"]
[Site "?"]
[Date "2012.07.18"]
[Round "7.1"]
[White "Edouard, Romain"]
[Black "Epishin, Vladimir"]
[Result "1/2-1/2"]
[WhiteElo "2646"]
[BlackElo "2567"]
[Annotator "Romain Edouard"]
[PlyCount "63"]
[SourceDate "2012.07.12"]
[WhiteTeamCountry "IND"]
[BlackTeamCountry "URS"]

1. e4 c5 2. Nf3 e6 3. d4 cxd4 4. Nxd4 Nc6 5. Nc3 Qc7 6. Be3 a6 7. Qd2 Nf6 8.
O-O-O Be7 9. f3 h5 10. Nxc6 dxc6 (10... bxc6 11. Bf4 e5 12. Bg5 $36) 11. Qf2 b5
12. Bb6 Qf4+ 13. Kb1 Nd7 14. Bd4 f6 (14... c5 $2 15. Bxg7 Rh7 16. Ne2 Qc7 17.
Bc3 $18) 15. Be3 Qb8 16. f4 a5 17. g3 a4 18. Ne2 c5 19. f5 a3 20. b3 (20. fxe6
Ne5 21. Bxc5 Bxe6 22. Bxe7 Kxe7 23. b3 $16) 20... c4 21. fxe6 Ne5 22. Bh3 cxb3
23. cxb3 Ng4 (23... O-O 24. Nf4 $18) 24. Qf5 O-O 25. Bxg4 hxg4 26. Nd4 (26. Nf4
Qe5 27. Bd4 Qxf5 28. exf5 Bb7 29. Rhe1 (29. Ng6 Be4+ 30. Ka1 Rfe8) 29... Rfd8 {
avec quelques contre chances.}) 26... Bb7 27. Rhe1 (27. Bf4 Qe8 28. Bc1 $18)
27... Rd8 28. Qg6 Qc7 29. Qf7+ $2 $138 (29. Rd3 $18) 29... Kh7 $2 (29... Kh8 $8
) 30. Qh5+ (30. Bh6 Bd6 31. Bxg7 $1 {(manque...)} Qxf7 32. exf7 $18) 30... Kg8
31. Qf7+ (31. Qxg4 $16) 31... Kh7 32. Qh5+ {Diagramme #} 1/2-1/2

[Event "Vaujany"]
[Site "?"]
[Date "2012.07.18"]
[Round "7.2"]
[White "Philippe, Christophe"]
[Black "Istratescu, Andrei"]
[Result "0-1"]
[WhiteElo "2403"]
[BlackElo "2641"]
[PlyCount "108"]
[SourceDate "2012.07.12"]
[WhiteTeamCountry "IND"]
[BlackTeamCountry "URS"]

1. e4 e6 2. d4 d5 3. Nc3 Bb4 4. Bd3 c5 5. exd5 Qxd5 6. Bd2 Bxc3 7. Bxc3 cxd4 8.
Bxd4 Qxg2 9. Qf3 Qxf3 10. Nxf3 f6 11. Rg1 Kf7 12. O-O-O Nc6 13. Bc5 Nge7 14.
Nd2 e5 15. Ne4 g6 16. Bc4+ Kg7 17. Rd6 b6 18. Ba3 Na5 19. Bb5 f5 20. Ng5 Nb7
21. Ne6+ Kf6 22. Nc7+ Nxd6 23. Bxd6 Bb7 24. Re1 e4 25. f4 Nd5 26. Be5+ Ke7 27.
Nxa8 Rxa8 28. h4 a6 29. Be2 Rc8 30. h5 b5 31. hxg6 hxg6 32. Rh1 Nf6 33. Rh3 Bd5
34. b3 Ke6 35. Rh6 Kf7 36. Rh3 Ke7 37. Kb2 Bf7 38. a3 Rg8 39. Rh6 Ng4 40. Bxg4
fxg4 41. Rh4 Be6 42. Rh7+ Kd8 43. Bf6+ Kc8 44. Rh8 Rxh8 45. Bxh8 g3 46. Bd4 Kd7
47. Kc3 Bd5 48. Kb4 Ke6 49. c4 bxc4 50. bxc4 Bb7 51. Kc3 Kf5 52. Kd2 Kg4 53.
Ke2 Kh3 54. Kf1 Kh2 0-1

[Event "Vaujany"]
[Site "?"]
[Date "2012.??.??"]
[Round "7.3"]
[White "Foisor, Ovidiu-Doru"]
[Black "Riff, Jean-Noel"]
[Result "1/2-1/2"]
[WhiteElo "2381"]
[BlackElo "2500"]
[PlyCount "60"]
[SourceDate "2012.07.12"]
[WhiteTeamCountry "IND"]
[BlackTeamCountry "URS"]

1. d4 e6 2. c4 Bb4+ 3. Nd2 Nf6 4. Ngf3 O-O 5. a3 Be7 6. b4 a5 7. b5 c5 8. bxc6
bxc6 9. c5 Ba6 10. e4 Bxf1 11. Kxf1 Na6 12. Qc2 Ne8 13. e5 f6 14. Ne4 Nac7 15.
h4 Nd5 16. h5 f5 17. Nd6 h6 18. Nc4 Nec7 19. Bd2 a4 20. Ba5 Qc8 21. Bxc7 (21.
Qxa4 $5 Qa6 22. Qc2 Nb5 23. a4 Nbc3 24. Nfd2 Ne4 25. Nxe4 fxe4 {
avec une position peu claire, les noirs peuvent maintenant attaquer}) 21...
Qxc7 22. g3 Rfb8 23. Nfd2 Bg5 24. f4 Be7 25. Kf2 Qa7 26. Rab1 Rb5 27. Rb2 Rab8
28. Rhb1 Qa6 29. Qd3 Qa7 30. Qc2 Qa6 {
malheureusement le camp qui decide d'ouvrir le jeu se retrouve mal} 1/2-1/2

[Event "Vaujany"]
[Site "?"]
[Date "2012.07.18"]
[Round "7.4"]
[White "Valles, Manuel"]
[Black "Serafimov, Tervel"]
[Result "0-1"]
[WhiteElo "2248"]
[BlackElo "2425"]
[PlyCount "86"]
[SourceDate "2012.07.12"]
[WhiteTeamCountry "IND"]
[BlackTeamCountry "URS"]

1. c4 d6 2. Nc3 g6 3. g3 Bg7 4. Bg2 e5 5. d3 c6 6. e3 f5 7. Nge2 Nf6 8. O-O O-O
9. f4 Be6 10. b3 Bf7 11. fxe5 dxe5 12. d4 Nbd7 13. Kh1 Re8 14. d5 cxd5 15. Bxd5
Nxd5 16. Nxd5 e4 17. Rb1 Ne5 18. Bb2 b5 19. Qd4 h5 20. Ba1 Kh7 21. Qc5 a6 22.
Bxe5 Rxe5 23. Nec3 Qf8 24. Qxf8 Rxf8 25. Rfd1 Rc8 26. Nb6 Rc6 27. Nd7 Re7 28.
Nd5 Rxd7 29. Nf6+ Bxf6 30. Rxd7 Kg8 31. cxb5 axb5 32. Rb7 Ra6 33. Rc1 Ra8 34.
Rcc7 Be8 35. Kg1 Bg5 36. Rc3 Kf8 37. Kf1 Bf6 38. Rc2 Bg5 39. Kf2 Be7 40. Ke2 b4
41. Kf2 Ra6 42. Rb8 Bd6 43. Rbc8 Ke7 0-1

[Event "Vaujany"]
[Site "?"]
[Date "2012.07.18"]
[Round "7.6"]
[White "Olivier, Jean-Christophe"]
[Black "Horváth, József"]
[Result "1/2-1/2"]
[WhiteElo "2394"]
[BlackElo "2531"]
[PlyCount "130"]
[SourceDate "2012.07.12"]
[WhiteTeamCountry "IND"]
[BlackTeamCountry "URS"]

1. e4 c5 2. Nf3 Nc6 3. d4 cxd4 4. Nxd4 Qb6 5. Nb3 Nf6 6. Nc3 e6 7. Bd3 Be7 8.
Be3 Qc7 9. f4 d6 10. Qf3 a6 11. g4 b5 12. g5 Nd7 13. a3 b4 14. axb4 Nxb4 15.
O-O Rb8 16. Na5 O-O 17. Rf2 f6 18. Bc4 Nb6 19. gxf6 Bxf6 20. Bb3 Kh8 21. e5
Bxe5 22. Qe4 Bxc3 23. bxc3 N4d5 24. Bd4 Bd7 25. c4 Nf6 26. Qe2 Rbe8 27. c5 dxc5
28. Be5 Qc8 29. Nc4 Nxc4 30. Bxc4 Bb5 31. Bxb5 axb5 32. Ra7 c4 33. Rc7 Qd8 34.
Qd2 Qxd2 35. Rxd2 Rd8 36. Rxd8 Rxd8 37. Rb7 Kg8 38. c3 Rd5 39. Re7 Rd3 40. Rxe6
Nd5 41. Re8+ Kf7 42. Rb8 Nxc3 43. Rb7+ Kg6 44. Rxg7+ Kf5 45. Rg5+ Ke4 46. Bxc3
Rxc3 47. Rxb5 Rb3 48. Rc5 Kf3 49. h4 c3 50. f5 Ke3 51. f6 Kd2 52. f7 Rb8 53.
Rd5+ Ke3 54. Rc5 Kd4 55. Rc7 Kd3 56. Rd7+ Kc2 57. Rb7 Ra8 58. Kf2 Kd1 59. Rd7+
Kc1 60. Ke2 c2 61. Rb7 Rf8 62. h5 h6 63. Ke1 Rd8 64. Ke2 Rc8 65. Ke1 Rd8
1/2-1/2

[Event "Vaujany"]
[Site "?"]
[Date "2012.07.18"]
[Round "7.7"]
[White "Torma, Robert"]
[Black "Di Nicolantonio, Lucas"]
[Result "1/2-1/2"]
[WhiteElo "2424"]
[BlackElo "2321"]
[PlyCount "60"]
[SourceDate "2012.07.12"]
[WhiteTeamCountry "IND"]
[BlackTeamCountry "URS"]

1. e4 c5 2. c3 e6 3. d4 d5 4. exd5 exd5 5. Nf3 Nc6 6. Be3 cxd4 7. Nxd4 Bd6 8.
g3 Nf6 9. Bg2 O-O 10. O-O Re8 11. Bg5 Be5 12. Na3 h6 13. Be3 Nxd4 14. Bxd4 Bg4
15. f3 Bf5 16. Re1 Bxd4+ 17. Qxd4 a6 18. Rxe8+ Qxe8 19. Kf2 Qd7 20. Bf1 Re8 21.
Re1 Rxe1 22. Kxe1 Qe6+ 23. Kd2 Nd7 24. Qe3 Qd6 25. Qe8+ Nf8 26. Qe3 Ne6 27. Nc2
Bxc2 28. Kxc2 d4 29. cxd4 Nxd4+ 30. Kb1 Ne6 1/2-1/2

[Event "Vaujany"]
[Site "?"]
[Date "2012.07.18"]
[Round "7.8"]
[White "Meng, Roger"]
[Black "Foisor, Cristina-Adela"]
[Result "0-1"]
[WhiteElo "2272"]
[BlackElo "2401"]
[PlyCount "106"]
[SourceDate "2012.07.12"]
[WhiteTeamCountry "IND"]
[BlackTeamCountry "URS"]

1. e4 e5 2. Nf3 Nc6 3. Bb5 a6 4. Ba4 Nf6 5. O-O b5 6. Bb3 Be7 7. Re1 d6 8. c3
O-O 9. h3 a5 10. a3 a4 11. Bc2 Na5 12. d4 Nd7 13. Nbd2 c5 14. Nf1 Bf6 15. d5 c4
16. g4 Nc5 17. Be3 h6 18. Ng3 Nab3 19. Rb1 Bg5 20. Qe2 g6 21. Bxg5 hxg5 22. Kg2
Ra7 23. Rh1 f6 24. Rh2 Rh7 25. Rbh1 Rff7 26. Ne1 Qd7 27. f3 Rh4 28. Kf1 Qa7 29.
Qe3 Na1 30. Bb1 Rhh7 31. Ke2 Nab3 32. Ng2 $11 {Diagramme #} b4 $3 33. cxb4 (33.
axb4 a3) 33... Nd4+ 34. Kf2 Nd3+ 35. Bxd3 cxd3 36. Rd1 Ba6 37. Nf1 Rc7 38. Ne1
Rc8 39. Nxd3 Rc2+ 40. Kg3 Rhc7 41. Rg2 Bb5 42. Rgd2 Qa6 43. Nh2 Kg7 44. Ne1
R2c4 45. h4 gxh4+ 46. Kxh4 g5+ 47. Kg3 Kg6 48. Kg2 Rh7 49. Nf1 Nb3 50. Rf2 Rd4
51. Nd2 Qc8 52. Rb1 Qh8 53. Nxb3 Rh2+ 0-1

[Event "Vaujany"]
[Site "?"]
[Date "2012.07.18"]
[Round "7.9"]
[White "Stets, Dmitry"]
[Black "Ádám, György jr."]
[Result "1/2-1/2"]
[WhiteElo "2426"]
[BlackElo "2140"]
[PlyCount "86"]
[SourceDate "2012.07.12"]
[WhiteTeamCountry "IND"]
[BlackTeamCountry "URS"]

1. e4 c5 2. Nf3 d6 3. d4 cxd4 4. Nxd4 Nf6 5. Nc3 g6 6. Be3 Bg7 7. f3 a6 8. Qd2
Nbd7 9. Bc4 b5 10. Bb3 Bb7 11. O-O-O Rc8 12. Kb1 Nb6 13. Qf2 Rxc3 14. bxc3 Nc4
15. Bxc4 bxc4 16. Ne2 O-O 17. Bd4 Qa5 18. Ka1 Bc6 19. Rb1 Bb5 20. g4 e5 21. Bb6
Qa3 22. Rhd1 Rc8 23. Be3 Rc6 24. h4 Nd7 25. h5 g5 26. Bxg5 Nc5 27. Be3 Ne6 28.
g5 Nf4 29. Nxf4 Qxc3+ 30. Rb2 exf4 31. Bd4 Bxd4 32. Qxd4 Qxd4 33. Rxd4 c3 34.
Rb1 h6 35. Rd5 Be2 36. Rf5 Bxf3 37. gxh6 Bxe4 38. Rg1+ Kh8 39. Rxf7 Bxc2 40.
Rgg7 Rc8 41. Rc7 Rb8 42. a3 Rb1+ 43. Ka2 Rb2+ 1/2-1/2

[Event "Vaujany"]
[Site "?"]
[Date "2012.07.18"]
[Round "7.10"]
[White "Frick, Christoph"]
[Black "Milchev, Nikolay"]
[Result "1-0"]
[WhiteElo "2258"]
[BlackElo "2421"]
[PlyCount "125"]
[EventDate "2012.07.20"]
[SourceDate "2012.07.12"]
[WhiteTeamCountry "IND"]
[BlackTeamCountry "URS"]

1. g3 e5 2. Bg2 Nc6 3. c4 Bc5 4. Nc3 a6 5. e3 d6 6. Nge2 Ba7 7. O-O h5 8. h3 f5
9. d4 h4 10. dxe5 Nxe5 11. Qc2 g5 12. Nd4 Qd7 13. f4 gxf4 14. gxf4 Nc6 15. Nf3
Qg7 16. Ng5 Bd7 17. Nd5 O-O-O 18. Bd2 Rh5 19. Kh1 Re8 20. Bf3 Rh6 21. Rg1 Qf8
22. Rac1 Nf6 23. b4 Ne4 24. b5 Nb8 25. a4 Bc5 26. Rb1 Be6 27. Nxe4 fxe4 28. Bg4
Qf7 29. Qb2 axb5 30. axb5 Nd7 31. Ra1 Nf6 32. Nxf6 Qxf6 33. Bc3 Qf7 34. Bd4 b6
35. Bxc5 dxc5 36. Rgd1 Bxg4 37. hxg4 Qe7 38. Qa2 Rd6 39. Qa8+ Kd7 40. Qc6+ Ke6
41. Rxd6+ cxd6 42. Qxe4+ Kf7 43. Qh7+ Kf8 44. Qxe7+ Rxe7 45. Ra3 Re4 46. Rc3
Ke7 47. Kg2 d5 48. cxd5 Kd6 49. Kh3 Kxd5 50. Kxh4 Rb4 51. Kg5 Rxb5 52. f5 Rb1
53. Rd3+ Ke4 54. Rd6 b5 55. f6 Rf1 56. Re6+ Kd3 57. Kg6 b4 58. f7 b3 59. Rf6
Rxf6+ 60. Kxf6 b2 61. f8=Q c4 62. Qa3+ c3 63. Qb3 1-0

[Event "Vaujany"]
[Site "?"]
[Date "2012.07.18"]
[Round "7.11"]
[White "Deleva, Michael"]
[Black "Kukov, Vladislav"]
[Result "0-1"]
[WhiteElo "2255"]
[BlackElo "2404"]
[PlyCount "56"]
[EventDate "2012.07.20"]
[SourceDate "2012.07.12"]
[WhiteTeamCountry "IND"]
[BlackTeamCountry "URS"]

1. e4 g6 2. d4 Bg7 3. Nc3 c6 4. h4 h5 5. Bc4 d6 6. Qf3 e6 7. Bg5 Qc7 8. Nge2 b5
9. Bb3 Nd7 10. Rd1 b4 11. Nb1 d5 12. exd5 cxd5 13. c4 bxc3 14. Nbxc3 Ngf6 15.
Rc1 Qb6 16. O-O O-O 17. Na4 Qd6 18. Nc5 Ba6 19. Bf4 Qb6 20. Nxa6 Qxa6 21. Rc2
Rac8 22. Rfc1 Rxc2 23. Rxc2 Rc8 24. Rxc8+ Qxc8 25. Qd3 Nb6 26. Nc3 Ng4 27. Qd1
Nh6 28. Bxh6 Bxh6 {...} 0-1